[Event "RSA-ch Seniors"]
[Site "Cape Town"]
[Date "2022.05.08"]
[Round "2"]
[White "Baker, Gregory"]
[Black "Goosen, Pierre"]
[Result "0-1"]
[WhiteElo "1044"]
[BlackElo "1427"]
[PlyCount "108"]
[EventDate "2022.05.07"]
[EventType "tourn"]
[EventRounds "9"]
[EventCountry "RSA"]
[SourceTitle "CBM 208 Extra"]
[Source "ChessBase"]
[SourceDate "2022.07.31"]
[SourceVersion "1"]
[SourceVersionDate "2022.07.31"]
[SourceQuality "1"]

1. e4 c5 2. Nf3 e6 3. c4 Nc6 4. d4 cxd4 5. Nxd4 Bc5 6. Be3 Qb6 7. Nb5 Bxe3 8. Nd6+ Ke7 9. fxe3 Qxe3+ 10. Be2 Nf6 11. Nc3 Ne8 12. Nxc8+ Rxc8 13. Qd3 Qxd3 14. Bxd3 Ne5 15. 0-0-0 Nxd3+ 16. Rxd3 Rxc4 17. b3 Rc6 18. Rhd1 Nf6 19. Kb2 Rd8 20. h3 a6 21. g4 g5 22. e5 Ne8 23. Ne4 h6 24. Nd6 Nxd6 25. exd6+ Kf8 26. Rf3 Kg7 27. Rc3 Rdc8 28. Rxc6 Rxc6 29. a4 a5 30. Ka3 Rc3 31. Kb2 Rc6 32. Ka3 Kf6 33. Rf1+ Kg6 34. Rd1 e5 35. Rd5 Kf6 36. Rxa5 Rxd6 37. Rb5 e4 38. Rf5+ Ke7 39. Re5+ Re6 40. Rxe6+ Kxe6 41. Kb2 e3 42. Kc2 Ke5 43. Kd3 Kd5 44. Kxe3 Kc5 45. Kd3 Kb4 46. Kc2 d5 47. Kb2 d4 48. Kc2 d3+ 49. Kxd3 Kxb3 50. a5 Kb4 51. a6 bxa6 52. Kc2 a5 53. Kb2 a4 54. Ka2 Kc3 0-1

[Event "RSA-ch Seniors"]
[Site "Cape Town"]
[Date "2022.05.07"]
[Round "1"]
[White "Goosen, Pierre"]
[Black "Steyn, Hans"]
[Result "1-0"]
[WhiteElo "1427"]
[BlackElo "1840"]
[PlyCount "77"]
[EventDate "2022.05.07"]
[EventType "tourn"]
[EventRounds "9"]
[EventCountry "RSA"]
[SourceTitle "CBM 208 Extra"]
[Source "ChessBase"]
[SourceDate "2022.07.31"]
[SourceVersion "1"]
[SourceVersionDate "2022.07.31"]
[SourceQuality "1"]

1. d4 Nf6 2. Nf3 g6 3. g3 Bg7 4. Bg2 0-0 5. 0-0 d6 6. b3 Nbd7 7. Bb2 c6 8. Re1 Ne4 9. Nfd2 Nef6 10. e4 e5 11. Nc4 exd4 12. Nxd6 c5 13. e5 Nh5 14. Nxb7 Bxb7 15. Bxb7 Rb8 16. Bf3 Nxe5 17. Bxh5 gxh5 18. Qxh5 Qd5 19. Nd2 Rb6 20. c4 Qd6 21. Ba3 f5 22. Nf3 Ng4 23. Ng5 h6 24. Ne6 Qc6 25. Nxf8 Qf3 26. Rf1 Bxf8 27. h3 Ra6 28. hxg4 Rxa3 29. Qxf5 Qc3 30. Rae1 d3 31. Re8 Qg7 32. Qxd3 Rxa2 33. Qd5+ Kh8 34. Rfe1 Qf6 35. Qe5 Qxe5 36. R1xe5 Kg7 37. Kg2 Kf7 38. Ra8 Ra3 39. Rf5+ 1-0